Тези доповідей наукової конференції присвяченої 25-річчю воз'єднання західноукраїнських земель з УРСР, "Народна культура областей України за роки радянської влади" (7-8 грудня 1964 р.) (Запис № 307231)

МАРК-запис
000 -Лідер
fixed length control field 00882nam a22002177a 4500
003 - Ідентифікатор контрольного номера
control field UA-OsUOA
001 - Контрольний номер
control field 21039
007 - Фіксоване поле фізичного опису
fixed length control field ta
008 - Елементи даних фіксованої довжини – загальна інформація
fixed length control field 20031112b un ||||| |||| 00| 0 ukr d
090 ## - Локальний шифр розміщення
Класифікаційний індекс УДК 94(477).07
Авторський знак (НП) Т30
040 ## - Джерело каталогізації
Агенція оригінальної каталогізації UA-OsUOA
Мова каталогізації ukr
Агенція, яка здійснювала перезапис UA-OsUOA
Агенція, яка здійснювала модифікацію UA-OsUOA
041 ## - Код мови
Код мови тексту/ звукової доріжки чи окремого заголовка (П) ukr
080 ## - Індекс Універсальної десяткової класифікації
Індекс Універсальної десяткової класифікації (УДК) (НП) 94(477).07
044 ## - Код країни видавця/ виробника
Код країни видавця/ виробника (П) UA
245 ## - Відомості про назву
Назва (НП) Тези доповідей наукової конференції присвяченої 25-річчю воз'єднання західноукраїнських земель з УРСР, "Народна культура областей України за роки радянської влади" (7-8 грудня 1964 р.)
Дані про відповідальність (НП) Ред. Ю. Г.Гошко П. М.Жолтовський С. А.Макарчук І. С.Павлюк
260 ## - Публікація, розповсюдження і т.п. (Вихідні дані)
Місце публікації, розповсюдження і т.п. (П) Львів
Дата публікації, розповсюдження і т.п. (П) 1964
300 ## - Фізичний опис
Обсяг 39 с.
650 #7 - Додаткове предметне введення – тематичний термін
Джерело заголовка чи терміна UDC
942 ## - Додаткові елементи входу (Коха)
Тип елемента Koha Книги
955 ## - Код типу видання за змістом
Код типу видання за змістом (НП) інше

Немає доступних примірників.